000 00957pam a2200289 a 4500
999 _c529651
_d529651
001 1108714
003 NUST
005 20191001102403.0
008 931105s1993 nyua b 001 0 eng
010 _a 93043315
038 _aMSOHAIL
040 _aDLC
_cDLC
_dDLC
050 0 0 _aTC973
_b.D47 1993
082 0 0 _a0
_220
100 _aTRB
_919556
245 0 0 _aDesign, construction, and maintenance
260 _aNew York, N.Y. :
_bTRB
_cc1993.
300 _av, 50 p. :
_bill. ;
_c28 cm.
440 0 _vno. 3
_922072
650 0 _aRelief wells
_xDesign and construction.
_922073
650 0 _aRelief wells
_xMaintenance and repair.
_922074
710 2 _aAmerican Society of Civil Engineers.
_9702
710 1 _aUnited States.
_bArmy.
_bCorps of Engineers.
_922075
906 _a7
_bcbc
_corignew
_d1
_eocip
_f19
_gy-gencatlg
942 _2ddc
_cBK